LEADER 01582nam2 22003491i 450 001 UON00346596 005 20231205104322.426 010 $a32-518-0000-0 100 $a20091119d1985 |0itac50 ba 101 $ager 102 $aCH 105 $a|||| 1|||| 200 1 $aEnthymesis$aGadir ; Alexander ; Kosmas$fArno Schmidt 210 $aZürich$cHaffmans Verlag ; Bargfeld$cArno Schmidt Stiftung$d1985 215 $a155 p.$d22 cm. 461 1$1001UON00346546$12001 $aˆDas ‰erzählerische Werk$fArno Schmidt$1210 $aZürich$cHaffmans Verlag ; Bargfeld$cArno Schmidt Stiftung$d1985$1215 $av.$d22 cm.$v1 464 1$1001UON00346601$12001 $aAlexander$fArno Schmidt 464 1$1001UON00346600$12001 $aGadir$fArno Schmidt 464 1$1001UON00346603$12001 $aKosmas$fArno Schmidt 620 $aCH$dZürich$3UONL003145 620 $dBargfeld$3UONL004666 676 $a833.91$cNarrativa tedesca, 1900-1990$v21 700 1$aSCHMIDT$bArno$3UONV176500$0175178 712 $aArno Schmidt Stiftung$3UONV276872$4650 712 $aHaffmans Verlag$3UONV276870$4650 801 $aIT$bSOL$c20240220$gRICA 912 $aUON00346596 950 $aSIBA - SISTEMA BIBLIOTECARIO DI ATENEO$dSI F. Goethe 830 SCHMI 4024 $eSI 45926 5 4024 950 $aSIBA - SISTEMA BIBLIOTECARIO DI ATENEO$dSI TED 26 I SCH 08 a $eSI LO 28415 5 08 a 996 $aGadir ; Alexander ; Kosmas$91183341 996 $aEnthymesis$91183340 997 $aUNIOR LEADER 01017cam0 22002893 450 001 TWSOB00000725 005 20250707094109.0 100 $a20020702d1966 |||||ita|0103 ba 101 $aita 102 $aIT 200 1 $aNiccolò dell'Arca$f[a cura di Mariangela Novelli] 210 $aMilano$cFabbri$d1966 215 $a[8] p., XVI di tav.$cill.$d36 cm 225 2 $amaestri della scultura$v15 410 1$1001LAEC00018350$12001 $aI *maestri della scultura$v15 500 10$aNiccolò dell'Arca$3SOBA00034799$91222509 700 0$aNiccolò : dell'Arca$3AF00022031$4070$0423773 702 1$aNovelli, Mariangela$3AF00022190$4070 801 0$aIT$bUNISOB$c20250707$gRICA 850 $aUNISOB 852 $aUNISOB$j700|Coll|56|K$m98916 912 $aTWSOB00000725 940 $aM 102 Monografia moderna SBN 941 $aM 957 $a700|Coll|56|K$b000015$gSI$d98916$rACQUISTO$1catenacci$2UNISOB$3UNISOB$420180320140740.0$520220405144131.0$6Spinosa 996 $aNiccolo dell'Arca$91222509 997 $aUNISOB LEADER 01558nam0 22003493i 450 001 RAV0242583 005 20251003044328.0 010 $a8879106090 100 $a20160531d1994 ||||0itac50 ba 101 | $aita 102 $ait 181 1$6z01$ai $bxxxe 182 1$6z01$an 183 1$6z01$anc$2RDAcarrier 200 1 $aPolitica dei redditi e struttura della contrattazione$fRenato Brunetta ... [et al.] 210 $aRoma$cEdiesse$aLavoro$d[1994] 215 $a232 p.$cill.$d21 cm. 676 $a339.50945$9POLITICA MACROECONOMICA. Italia$v19 676 $a339.50945$9POLITICA MACROECONOMICA. ITALIA$v20 686 $aIT/5430.6$cDISTRIBUZIONE DEL REDDITO ITALIA 1989-2001$2R 686 $aIT/5432.6$cRELAZIONI INDUSTRIALI ITALIA 1989-$2R 686 $aIT/5436.0$cLAVORO SINDACATI DEI LAVORATORI ITALIA 1989-2001$2R 686 $aIT/5436.1$cLEGISLAZIONE E CONTRATTI DI LAVORO ITALIA 1989-2001$2R 702 1$aBrunetta$b, Renato$3CFIV028041 801 3$aIT$bIT-000000$c20160531 850 $aIT-BN0095 901 $bNAP 01$cPOZZO LIB.$nVi sono collocati fondi di economia, periodici di ingegneria e scienze, periodici di economia e statistica e altri fondi comprendenti documenti di economia pervenuti in dono. 912 $aRAV0242583 950 0$aBiblioteca Centralizzata di Ateneo$c1 v.$d 01POZZO LIB.ECON MON 4578$e 0101 0000119005E VMA 1 v.$fB $h20210324$i20210324 977 $a 01 996 $aPolitica dei redditi e struttura della contrattazione$91770164 997 $aUNISANNIO